Most Dangerous States (for Deer) - Statistics

General Stats
  • This quiz has been taken 110 times
    69 since last reset
  • The average score is 9 of 14
Answer Stats
Probability (%) State % Correct
1.18 Michigan
80%
1.30 Wisconsin
80%
1.72 Montana
78%
1.18 Wyoming
78%
1.43 South Dakota
77%
1.25 Minnesota
75%
1.10 North Dakota
75%
1.47 Iowa
73%
2.44 West Virginia
57%
1.49 Pennsylvania
55%
1.06 Virginia
55%
1.15 Mississippi
48%
1.04 Arkansas
43%
1.08 South Carolina
38%
No matching quizzes found
Score Distribution
Percent of People with Each Score
Percentile by Number Answered
Your Score History
You have not taken this quiz since the last reset